CHANGES IN THE RATIO OF WATER UPTAKE TO WATER LOSS IN LIGHT AND IN DARKNESS FOLLOWED IN BARLEY INFECTED BY THE POWDERY MILDEW

Bibliographic Details
Main Author: Priehradný, Stanislav, 1928- (Author)
Other Authors: Rybánsky, J. (Translator)
Format: Article
Language:English

MARC

LEADER 00000nab a2200000uu 4500
001 vtls011441978
003 SK-MaSNL
005 20260303123236.0
008 230213|1977 xo |||||||||||||||||eng|
015 |a SNBRB 
035 |a (urnnbn)urn:nbn:sk:snk:ar-0031jy 
035 |a (uuid)f130a373-2d56-462d-a202-4f9dbce5f2f5 
035 |a urn:nbn:sk:snk-abcg3l 
040 |a SNKBUCL  |b slo  |c SNKBUCL  |e AACR2 
041 0 |a eng 
044 |a xo  |c SK 
100 1 |a Priehradný, Stanislav,  |d 1928-  |4 aut  |9 117536 
245 1 0 |a CHANGES IN THE RATIO OF WATER UPTAKE TO WATER LOSS IN LIGHT AND IN DARKNESS FOLLOWED IN BARLEY INFECTED BY THE POWDERY MILDEW  |c Stanislav Priehradný, J. Rybánsky 
700 1 |a Rybánsky, J.  |4 trl  |9 276694 
773 0 |t Biológia : časopis Slovenskej akadémie vied  |g Roč. 32, č. 10 (1977), s. 739-746 
954 |a odborná, vedecká literatúra pôvodná (slovenská)  |2 lita 
958 |a OND 
958 |a EUIPO 
958 |a article16 
999 |c 1924521  |d 1926451